| 000 | 01249cam a2200385 a 4500 | ||
|---|---|---|---|
| 001 | 14117381 | ||
| 003 | OSt | ||
| 005 | 20140310181634.0 | ||
| 008 | 050922s2000 enkab d 000 0 eng | ||
| 010 | _a 2005299986 | ||
| 015 | _aGBA0-70604 | ||
| 020 | _a0582317290 | ||
| 020 | _a0582317320 (pbk.) | ||
| 020 | _a0582317312 (flexicover) | ||
| 035 | _a(OCoLC)ocm45350954 | ||
| 040 |
_aUKM _cUKM _dIWA _dNGU _dOCLCQ _dDLC |
||
| 042 | _alccopycat | ||
| 043 | _an-us--- | ||
| 050 | 0 | 0 |
_aPE 1628 _b.L856 2000 |
| 082 | 0 | 0 |
_aREF 423 _bL85 2000 |
| 245 | 0 | 0 | _aLongman advanced American dictionary. |
| 246 | 3 | 0 | _aAdvanced American dictionary |
| 260 |
_aHarlow : _bLongman, _c2000. |
||
| 300 |
_axxiii, 1746 p. : _bill. (some col.), col. maps ; _c24 cm. |
||
| 521 | _aThird year to fourth year high school | ||
| 526 | _c1080L to 1700L | ||
| 541 | _j1 | ||
| 562 | _eInside reading. One copy available in the collection. | ||
| 650 | 0 |
_aEnglish language _zUnited States _vDictionaries. |
|
| 650 | 0 |
_aAmericanisms _vDictionaries. |
|
| 710 | 2 | _aLongman (Firm) | |
| 906 |
_a7 _bcbc _ccopycat _d2 _encip _f20 _gy-gencatlg |
||
| 942 |
_2lcc _cBK-GR _kREF |
||
| 999 |
_c604 _d604 |
||